BIBLIOTECA

SENCICO

GPS - Global Positioning System : Principios básicos y modo diferencial (Registro nro. 577)

Detalles MARC
000 -LEADER
fixed length control field 00921nam a2200265Ia 4500
005 - DATE AND TIME OF LATEST TRANSACTION
control field 20251020182442.0
008 - FIXED-LENGTH DATA ELEMENTS--GENERAL INFORMATION
fixed length control field 200515s9999 xx 000 0 und d
082 ## - DEWEY DECIMAL CLASSIFICATION NUMBER
Classification number 528.812/I59
110 ## - MAIN ENTRY--CORPORATE NAME
Corporate name or jurisdiction name as entry element Instituto Mario Samamé Boggio
245 #0 - TITLE STATEMENT
Title GPS - Global Positioning System : Principios básicos y modo diferencial
260 ## - PUBLICATION, DISTRIBUTION, ETC.
Place of publication, distribution, etc. Lima
260 ## - PUBLICATION, DISTRIBUTION, ETC.
Name of publisher, distributor, etc. Instituto Mario Samamé Boggio
260 ## - PUBLICATION, DISTRIBUTION, ETC.
Date of publication, distribution, etc. 1997
300 ## - PHYSICAL DESCRIPTION
Extent 66 p.
300 ## - PHYSICAL DESCRIPTION
Other physical details il., graf.
490 ## - SERIES STATEMENT
Series statement Documentos de Perú Minero N° 3
500 ## - GENERAL NOTE
General note 3 ejemplares
520 ## - SUMMARY, ETC.
Summary, etc. Traducción y sistematización de tres folletos de Trimble Navigation, realizado como parte de la tesis preparado por el Ing. Win Yan León Siupara optar el título de Ingeniero Civil. Básicamente trata de como en el campo de la topografía, geodesia y fotogra
650 ## - SUBJECT ADDED ENTRY--TOPICAL TERM
Topical term or geographic name entry element GPS
650 ## - SUBJECT ADDED ENTRY--TOPICAL TERM
Topical term or geographic name entry element TOPOGRAFIA
942 ## - ADDED ENTRY ELEMENTS (KOHA)
Koha item type Libros
Existencias
Fecha de la última vez que lo usaron Pago total Signatura topográfica completa Código de barras Precio efectivo desde Tipo de documento Estado perdido Estado dañado No es para préstamo Retirado Ubicación permanente Ubicación actual Fecha de adquisición Número de ejemplar
15/05/2020   528.812/I59 Bib-Lima15050577 15/05/2020 Libros         Biblioteca Central Lima Biblioteca Central Lima 15/05/2020  
15/05/2020   528.812/I59 Bib-Lima16050577 15/05/2020 Libros         Biblioteca Central Lima Biblioteca Central Lima 15/05/2020 Ej.2
15/05/2020   528.812/I59 Bib-Lima17050577 15/05/2020 Libros         Biblioteca Central Lima Biblioteca Central Lima 15/05/2020 Ej.3